| 000 | 00615nam a2200169 i 4500 | ||
|---|---|---|---|
| 001 | 42056 | ||
| 003 | ES-MaACL | ||
| 005 | 20230906160536.0 | ||
| 007 | t| | ||
| 008 | 030312s1977 sp ||||1| spa d | ||
| 100 | 1 |
_aCastán Vázquez, José María. _936393 |
|
| 245 | 1 | 3 |
_aLa patria potestad sobre los hijos nacidos fuera del matrimonio / _cJosé María Castán Vázquez. |
| 260 |
_a[Salamanca : _bs.n., _c1977] ( _fImp. Kadmos) |
||
| 300 |
_a15 p. ; _c22 cm. |
||
| 500 | _aEs tirada aparte de La Reforma del Derecho de Familia. Cuadernos de Derecho Comparado, 1, p. 25-54. | ||
| 852 |
_aES-MaACL _j2107-F-1 _bR.96267 |
||
| 999 |
_c42056 _d42056 |
||